Catálogo
 En Linea

Análisis matemático para economistas / (Registro nro. 39375)

Detalles MARC
000 -CABECERA
campo de control de longitud fija 00724nam a2200205 a 4500
001 - NÚMERO DE CONTROL
campo de control 000039885
005 - FECHA Y HORA DE LA ÚLTIMA TRANSACCIÓN
campo de control 20201002033805.0
008 - DATOS DE LONGITUD FIJA--INFORMACIÓN GENERAL
campo de control de longitud fija 130726s1970 sp d 000 0 spa d
040 ## - FUENTE DE LA CATALOGACIÓN
Centro catalogador/agencia de origen DO-SdBNP
Lengua de catalogación spa
Centro/agencia transcriptor BNPHU
082 ## - NÚMERO DE LA CLASIFICACIÓN DECIMAL DEWEY
Número de clasificación xxx
100 1# - ENTRADA PRINCIPAL--NOMBRE DE PERSONA
Nombre de persona Allen, R. G. D.
Forma completa/desarrollada del nombre (Roy George Douglas)
9 (RLIN) 66096
240 10 - TÍTULO UNIFORME
Título uniforme Mathematical analysis for economists
Lenguaje de la obra español
245 10 - MENCIÓN DE TÍTULO
Título Análisis matemático para economistas /
Mención de responsabilidad, etc. R. G. D. Allen ; tradución Emilio de Figueroa.
250 ## - MENCIÓN DE EDICIÓN
Mención de edición 8a ed.
260 ## - PUBLICACIÓN, DISTRIBUCIÓN, ETC.
Lugar de publicación, distribución, etc. Madrid :
Nombre del editor, distribuidor, etc. Aguilar,
Fecha de publicación, distribución, etc. 1970.
300 ## - DESCRIPCIÓN FÍSICA
Extensión xxiii, 548 p. :
Otras características físicas diagrs. ;
Dimensiones 22 cm.
490 1# - MENCIÓN DE SERIE
Mención de serie Biblioteca de ciencias sociales
700 1# - PUNTO DE ACCESO ADICIONAL--NOMBRE DE PERSONA
Nombre de persona Figueroa, Emilio de
Término indicativo de función/relación tr.
9 (RLIN) 49698
830 #0 - PUNTO DE ACCESO ADICIONAL DE SERIE-TÍTULO UNIFORME
Título uniforme Biblioteca de ciencias sociales
Nombre de parte o sección de la obra Economía
9 (RLIN) 66097
Existencias
Estado de retiro Estado de pérdida Restricciones de uso No para préstamo Código de colección Localización permanente Ubicación/localización actual Ubicación en estantería Fecha de adquisición Número de inventario Total de préstamos Signatura topográfica completa Código de barras Fecha visto por última vez Precio válido a partir de Tipo de ítem Koha
        Monografías: Libros y Folletos General General Orden iniciada 26.07.2013 LF1   xxx 39885-10 25.06.2020 25.06.2020 No se presta

Con tecnología Koha